| 000 | 00424nam a2200121Ia 4500 | ||
|---|---|---|---|
| 008 | 100122s9999 xx 000 0 und d | ||
| 082 |
_b11941 _a370 |
||
| 245 | _aAFTER 10+2 AND BEYOND (HUMANITIES & COMMERCE) (क.क्र.8/3) | ||
| 300 | _a749 | ||
| 630 | _aAFTER 10+2 AND BEYOND (HUMANITIES & COMMERCE) (क.क्र.8/3) | ||
| 730 | _aAFTER 10+2 AND BEYOND (HUMANITIES & COMMERCE) (क.क्र.8/3) | ||
| 942 | _cBOOK | ||
| 999 |
_c385460 _d385457 |
||